000 00790nam a2200229 i 4500
001 45336
003 ES-MaACL
005 20250813015836.0
007 t|
008 030325s1882 it ||||1| ita d
100 1 _aColonna, Vittoria.
_939884
245 1 0 _aRime di tre gentildonne del secolo XVI
_b: Vittoria Colonna, Gaspara Stampa, Veronica Gambara /
_ccon prefazione de Olindo Guerrini.
260 _aMilano :
_bEdoardo Sonzogno,
_c1882.
300 _a376 p. ;
_c17 cm.
490 1 _aBiblioteca classica economica ;
_v76
700 1 _aStampa, Gaspara.
_9147495
700 1 _aGambara, Veronica,
_d1485-1550
_9147496
700 0 _aGuerrini, Olindo.
_960594
830 0 0 _aBiblioteca classica economica
_v76
_9182054
852 _aES-MaACL
_jF-10623
999 _c45336
_d45336